Autosalón

Saved in:
Bibliographic Details
Main Author: Oravcová, Jana (Author)
Other Authors: Palko, Milan (Thesis advisor)
Format: Manuscript Book
Language:Slovak
Published: 2022
Subjects:
Online Access:http://is.stuba.sk/zp/portal_zp.pl?podrobnosti=159126
https://opac.crzp.sk/?fn=detailBiblioForm&sid=D9F0BB0A8DA9926980A592D31B33
Tags: Add Tag
No Tags, Be the first to tag this record!

MARC

LEADER 00000ntm a22000003a 4500
001 stuzp85094
003 SK-STU
005 20230515104756.5
007 ta
008 150427s2015----xo-----f-mn---000-0-slo-d
040 |a STU  |b slo 
041 0 |a slo 
100 1 |a Oravcová, Jana  |u 010180  |4 aut  |U SvF Stavebná fakulta  |T SvF Katedra konštrukcií pozemných stavieb  |X 75850  |U V180  |Y 18  |7 75850 
242 0 1 |a Car showroom  |y eng 
245 1 0 |a Autosalón 
260 |c 2022 
650 4 |a realizačný projekt  |2 slo 
650 4 |a autosalón  |2 slo 
650 4 |a diplomová práca  |2 slo 
650 4 |a diploma thesis  |2 eng 
650 4 |a realization project  |2 eng 
650 4 |a car showroom  |2 eng 
700 1 |a Palko, Milan  |u 010180  |k Z1  |4 ths  |U SvF Stavebná fakulta  |T SvF Katedra konštrukcií pozemných stavieb  |X 2552  |U V180  |Y 18  |7 A000002552 
856 4 |u http://is.stuba.sk/zp/portal_zp.pl?podrobnosti=159126 
856 4 |u https://opac.crzp.sk/?fn=detailBiblioForm&sid=D9F0BB0A8DA9926980A592D31B33